| 000 | 00746cam a2200253 a 4500 | ||
|---|---|---|---|
| 001 | 3963798 | ||
| 003 | OSt | ||
| 005 | 20160421121523.0 | ||
| 008 | 950315s1994 inua 001 0 eng | ||
| 010 | _a 94078340 | ||
| 020 | _a156761535X | ||
| 040 | _aSEKU | ||
| 050 | 0 | 0 |
_aTK 5105 _b.K4 1994 |
| 082 | 0 | 0 |
_a004.6/7 _220 |
| 100 | 1 |
_aKent, Peter, _d1957- |
|
| 245 | 1 | 4 |
_aThe complete idiot's guide to the Internet / _cby Peter Kent. |
| 250 | _a2nd ed. | ||
| 260 |
_aIndianapolis, IN : _bAlpha Books, _c1994. |
||
| 300 |
_axx, 367 p. : _bill. ; _c24 cm. + _e1 computer disk (3 1/2 in.) |
||
| 500 | _aSystem requirements for computer disk: IBM-compatible PC; MS-DOS. | ||
| 500 | _aIncludes index. | ||
| 650 | 0 | _aInternet. | |
| 942 |
_2lcc _cGEN |
||
| 999 |
_c12910 _d12910 |
||